00805cam a2200241 450000100060000000300080000600500170001400800390003103500190007004000320008904100080012108200220012924501110015125000120026226000790027430000260035335000090037961000290038865000230041765100470044070000380048770000380052526965BD-RjUL20211209051107.0140324s1968 pk 000 0 eng a(BD-RjUL)27036 aDLCcDLCdDLCdBD-RjULbeng aeng00a954.035bEYE 196810aEye witnesses of history :ba collection of letters addressed to Quaid-i-Azam /cEdited by Mukhtar Masood. a1st ed. aKarachi :bGuild Pub. House; sole agents: Guild Anjuman Kitab Ghar,c1968. axvi, 122 p. ;c18 cm. a5.5020aAll-India Muslim League. 0aPakistan movement. 0aIndiaxPolitics and governmenty1919-1947.1 a Masʻūd, Muk̲h̲tār,d1926-1 aJinnah, Mahomed Ali,d1876-1948.